00438nam a2200145 a 450000100100000000500170001000800410002702000150006804000250008310000170010824500530012526000440017830000280022250000420025000003557420200930074438.0111103s1995 xxua 000 0 spa d a0891345833 aDO-SdBNPbspacBNPHU1 aOldach, Mark10aCreativity for graphic designers /cMark Oldach. aCincinnati :bNorth Light Books,c1995. a138 p. :bils. ;c30 p. aIncluye datos biográficos del autor